Southville International School and Colleges
Your cart is empty.
  • Cart
  • Lists
    Public lists Eva Luna New books Lux_list list_1
    Your lists Log in to create your own lists
  • Log in to your account
  • Your cookies
  • Search history
Southville International School and Colleges
  • Advanced search
  • Recent comments
  • Most popular
  • Libraries

Log in to your account

Log in with GOOGLE


If you do not have an external account, but do have a local account, you can still log in:

  1. Home
  2. MARC view: Philippine tourism laws :
Normal view MARC view ISBD view

Philippine tourism laws : (Record no. 284801)

[ view plain ]
MARC details
000 -LEADER
fixed length control field 00869nam a22002537a 4500
003 - CONTROL NUMBER IDENTIFIER
control field SISC
005 - DATE AND TIME OF LATEST TRANSACTION
control field 20160818160217.0
008 - FIXED-LENGTH DATA ELEMENTS--GENERAL INFORMATION
fixed length control field 130209t xxu||||| |||| 00| 0 eng d
020 ## - INTERNATIONAL STANDARD BOOK NUMBER
International Standard Book Number 9789712367250
050 ## - LIBRARY OF CONGRESS CALL NUMBER
Classification number G 155.P6
Item number .C112 2014
100 ## - MAIN ENTRY--PERSONAL NAME
Personal name Cabulay, Danny Araneta.
9 (RLIN) 30588
245 ## - TITLE STATEMENT
Title Philippine tourism laws :
Remainder of title a comprehensive guide to studying laws relevant to the Philippine tourism industry /
Statement of responsibility, etc Danny Araneta Cabulay, Christine Palafox Carpio-Aldeguer.
250 ## - EDITION STATEMENT
Edition statement 2nd edition.
260 ## - PUBLICATION, DISTRIBUTION, ETC. (IMPRINT)
Place of publication, distribution, etc Manila :
Name of publisher, distributor, etc Rex Book Store,
Date of publication, distribution, etc 2014.
300 ## - PHYSICAL DESCRIPTION
Extent xii, 397 pages :
Other physical details illustrations ;
Dimensions 25 cm.
500 ## - GENERAL NOTE
General note Includes bibliographical references and index.
650 ## - SUBJECT ADDED ENTRY--TOPICAL TERM
Topical term or geographic name as entry element BSBA.
9 (RLIN) 30589
650 ## - SUBJECT ADDED ENTRY--TOPICAL TERM
Topical term or geographic name as entry element Tourism.
9 (RLIN) 11065
650 ## - SUBJECT ADDED ENTRY--TOPICAL TERM
Topical term or geographic name as entry element Philippine
Form subdivision Tourism laws.
9 (RLIN) 30590
942 ## - ADDED ENTRY ELEMENTS (KOHA)
Source of classification or shelving scheme Library of Congress Classification
Koha item type Books
Call number prefix Local
Holdings
Withdrawn status Lost status Source of classification or shelving scheme Damaged status Home library Current library Shelving location Date acquired Source of acquisition Total Checkouts Total Renewals Full call number Barcode Date last seen Date checked out Price effective from Koha item type
    Library of Congress Classification   College Library College Library Filipiniana Section 06/08/2015 Library Fund 4 23 G 155.P6 .C112 2014 C19578 05/08/2018 07/20/2017 06/08/2015 Books

Philippine tourism laws :

APA

Cabulay D. A., . (2014). Philippine tourism laws. Manila: Rex Book Store.

Chicago

Cabulay Danny Araneta, . 2014. Philippine tourism laws. Manila: Rex Book Store.

Harvard

Cabulay D. A., . (2014). Philippine tourism laws. Manila: Rex Book Store.

MLA

Cabulay Danny Araneta, . Philippine tourism laws. Manila: Rex Book Store. 2014.

  • Place hold
  • Print
  • Cite
  • Add to your cart (remove)
  • Save record
    BIBTEX Dublin Core MARCXML MARC (non-Unicode/MARC-8) MARC (Unicode/UTF-8) MARC (Unicode/UTF-8, Standard) MODS (XML) RIS
  • More searches
    Search for this title in:
    Other Libraries (WorldCat) Other Databases (Google Scholar) Online Stores (Bookfinder.com) Open Library (openlibrary.org)

Exporting to Dublin Core...

SOUTHVILLE LIBRARY

Southville International School and Colleges Library

1281 Tropical Ave. Cor. Luxembourg St., BF Homes International, Las Pinas City

Tel. No. 8256374 / 252358 Loc. 117/146

Powered by Koha